LEADER 01224nam0 2200265 450 001 000001156 005 20181203150638.0 100 $a20000329d1984----km-y0itay50------ba 101 0 $aita 102 $aIT 105 $ay-------001yy 200 1 $aQuestioni di diritto pubblico marittimo negli scritti dei giuristi napoletani della prima metą del seicento$fCesare Maria Moschetti 210 $aNapoli$cGiannini$d1984 215 $aXVI, 207 p.$d24 cm 225 2 $aCollana della Facoltą di economia marittima, Istituto Universitario Navale, Napoli$v13 410 0$12001$aCollana della Facoltą di economia marittima, Istituto Universitario Navale, Napoli 610 1 $aDiritto marittimo$aRegno di Napoli <1266-1815>$aSec. 17. 676 $a343.457$v11$9Diritto in materia militare, diritto tributario, in materia di commercio, in materia industriale. Italia meridionale 700 1$aMoschetti,$bCesare Maria$0139533 801 0$aIT$bUNIPARTHENOPE$gRICA$2UNIMARC 912 $a000001156 951 $a343-Q/1$b31063$cNAVA1$d20000404 951 $a343.45/111$b25700$cNAVA4 996 $aQuestioni di diritto pubblico marittimo negli scritti dei giuristi napoletani della prima metą del seicento$91223275 997 $aUNIPARTHENOPE LEADER 03578oam 2200697I 450 001 9910790709203321 005 20230814231903.0 010 $a0-429-91923-9 010 $a0-429-90500-9 010 $a0-367-10292-7 010 $a0-429-48023-7 010 $a1-78241-232-8 035 $a(CKB)2550000001180188 035 $a(EBL)1589065 035 $a(SSID)ssj0001168122 035 $a(PQKBManifestationID)11759206 035 $a(PQKBTitleCode)TC0001168122 035 $a(PQKBWorkID)11142877 035 $a(PQKB)10687414 035 $a(MiAaPQ)EBC1589065 035 $a(Au-PeEL)EBL1589065 035 $a(CaPaEBR)ebr10827823 035 $a(CaONFJC)MIL560302 035 $a(OCoLC)867818733 035 $a(FINmELB)ELB148215 035 $a(EXLCZ)992550000001180188 100 $a20180727h20182014 uy 0 101 0 $aeng 135 $aur|n|---||||| 181 $ctxt 182 $cc 183 $acr 200 10$aSiblings in the unconscious and psychopathology $ewomb fantasies, claustrophobias, fear of pregnancy, murderous rage, animal symbolism, Christmas and Easter "neuroses", and twinnings or identifications with sisters and brothers /$fby Gabriele Ast 205 $aFirst edition. 210 1$aBoca Raton, FL :$cRoutledge, an imprint of Taylor and Francis,$d[2018]. 210 4$d©2014. 215 $a1 online resource (199 p.) 300 $aDescription based upon print version of record. 311 $a1-78220-161-0 311 $a1-306-29051-1 320 $aIncludes bibliographical references and indexes. 327 $aCOVER; CONTENTS; ACKNOWLEDGMENTS; INTRODUCTION; 1 UNCONSCIOUS FANTASIES; 2 THE INTRUDER; 3 INSECTS, FISH, BIRDS, AND ANIMALS; 4 TERRITORIALITY AND UNCONSCIOUS WOMB FANTASIES; 5 THE SECRET RESTAURANT; 6 TO KILL OR TO REPAIR; 7 DEPOSITED REPRESENTATIONS; 8 TWINNING; 9 DEAD SIBLING REPRESENTATIONS; 10 CHARON AND HERAKLES: LIVING WITH A DEAD BROTHER; 11 DIAGNOSIS; REFERENCES; NAME INDEX; SUBJECT INDEX 330 3 $aThis book examines adults' identifications and internal relationships with their siblings' mental representations. The authors believe that the best way to illustrate clinical formulations and psychoanalytic theoretical concepts is to provide detailed clinical data. The influence of childhood sibling experiences and associated unconscious fantasies, in their own right, in adults' personality characteristics, behaviour patterns, and symptoms are presented from seventeen case reports. Clinicians who have patients with fear of pregnancy, claustrophobia, incestuous fantasies, extreme dependency on or murderous rage against siblings, guilt due to the death of a sister or brother in childhood, replacement child syndrome, history of adoption, certain types of animal phobias and related issues will find this volume most helpful. The authors have made a rare, but needed, psychoanalytic contribution that examines mental representations of sisters and brothers in our daily lives. 606 $aSiblings 606 $aObject relations (Psychoanalysis) 606 $aMental illness$xEtiology 606 $aFantasy 606 $aSubconsciousness 615 0$aSiblings. 615 0$aObject relations (Psychoanalysis) 615 0$aMental illness$xEtiology. 615 0$aFantasy. 615 0$aSubconsciousness. 676 $a616.89/071 700 $aAst$b Gabriele$01488200 801 0$bFlBoTFG 801 1$bFlBoTFG 906 $aBOOK 912 $a9910790709203321 996 $aSiblings in the unconscious and psychopathology$93796425 997 $aUNINA